000 00530nam a2200181Ia 4500
003 OSt
005 20260123095419.0
008 250729s1996 xx 000 0 und d
040 _cAL
041 _akan
082 _a494.507 RAOK
100 _aರಾವ್ ಮಹಾಬಲೇಶ್ವರ
_9227844
245 _aಭಾಷಾ ಬೋಧನೆ ಮತ್ತು ಕಲಿಕೆಯ ಸೂತ್ರಗಳು
260 _aಉಡುಪಿ
_c1996
650 _aKannada
_9227845
700 _aRao Digumurthi
_9227846
942 _2ddc
_cBED
999 _c237793
_d237793